000 00602nam a22001817a 4500
999 _c176499
_d176499
005 20210104150002.0
010 _aENG-128727
020 _a81-85277-64-8
_c300.00
035 _aEN-112259
037 _bDBAD/PUB
082 _a658.3
100 _aVyas, Vijay Mohan
245 _aHuman Resource Management (an Indian Evidence from MBPL)/
_bVijay Mohan Vyas
260 _aBikaner
_bRicha (India) Publishers
_c2012
270 _bBikaner
_aBisson Ka Chowk
300 _a224p.
_c22cm(hbk)
_bIncluding Tables, Illustrations and Bibliographical References.
942 _2ddc
_cEN
_h658.3
_mVYA